03247cam a22003254a 45000010009000000050017000090080041000260200025000670200022000920820023001141000038001372450122001752500012002972600081003093000035003905040051004255051299004765200671017756500043024466500046024896500038025356500033025736500043026066500028026496530017026777000036026949420013027309990017027439520161027601628134620130529122519.0100609s2011 paua b 001 0 eng  a9780781796002 (pbk.) a0781796008 (pbk.)00a610.73072222bSPE1 aSpeziale, Helen Streubert.93328010aQualitative research in nursing :badvancing the humanistic imperative /cHelen J. Streubert, Dona Rinaldi Carpenter. a5th ed. aPhiladelphia :bWolters Kluwer Health/Lippincott Williams & Wilkins,cc2011. axxiv, 470 p. :bill. ;c23 cm. aIncludes bibliographical references and index.8 a(Publisher-supplied data) Philosophy and Theory: Foundations of Qualitative Research / Helen J. Streubert Speziale -- The Conduct of Qualitative Research: Common Essential Elements / Helen J. Streubert Speziale -- Designing Data Generation and Management Strategies / Helen J. Streubert Speziale -- Ethical Considerations in Qualitative Research / Dona Rinaldi Carpenter -- Phenomenology as Method / Dona Rinaldi Carpenter -- Phenomenology in Practice, Education, and Administration / Dona Rinaldi Carpenter -- Grounded Theory as Method / Dona Rinaldi Carpenter -- Grounded Theory in Practice, Education, and Administration / Dona Rinaldi Carpenter -- Ethnography as Method / Helen J. Streubert Speziale -- Ethnography in Practice, Education, and Administration / Helen J. Streubert Speziale -- Historical Research Method / Sandra B. Lewenson -- Historical Research in Practice, Education, and Administration / Sandra B. Lewenson -- Action Research Method / Helen J. Streubert Speziale -- Education and Administration Action / Helen J. Streubert Speziale -- Triangulation as a Qualitative Research Strategy / Dona Rinaldi Carpenter -- Writing a Qualitative Research Proposal / Dona Rinaldi Carpenter -- A Practical Guide for Sharing Qualitative Research Results / Helen J. Streubert Speziale. a"Qualitative Research in Nursing is a user-friendly text that systematically provides a sound foundation for understanding a wide range of qualitative research methodologies, including triangulation. It approaches nursing education, administration, and practice and gives step-by-step details to instruct students on how to implement each approach. Features include emphasis on ethical considerations and methodological triangulation, instrument development and software usage; critiquing guidelines and questions to ask when evaluating aspects of published research; and tables of published research that offer resources for further reading"--Provided by publisher. 0aNursingxResearchxMethodology.928914 0aQualitative researchxMethodology.93328112aNursing Researchxmethods.93328222aQualitative Research.93328322aQuality Assurance, Health Care.93328422aResearch Design.933285 bNURcMay20131 aCarpenter, Dona Rinaldi.933286 2ddccNRB c17485d17457 00102ddc40708BaccahaMAINbMAINc1STd2013-05-29epurchaseg297.00h17806l18m67o610.73072 SPEp000028758r2025-07-15 00:00:00s2024-03-27v371.25yBB